Paroles - Annabelle Lee, Indochine - Statistiques

Statistiques générales
  • Ce quiz a été pris 61 fois
  • Le résultat moyen est 169 sur 202
Statistiques - réponses
Réponse % Correct
Annabelle
100%
au
100%
Elle
100%
est
100%
100%
la
100%
Lee
100%
Oh !
100%
Paradis
100%
partie
100%
si
100%
et
95%
je
95%
moi
95%
Moi
95%
ne
95%
que
95%
toi
95%
Avec
91%
c'est
91%
C'est
91%
de
91%
pas
91%
soldat
91%
tu
91%
Tu
91%
vie
91%
comme
86%
Comme
86%
des
86%
Dieu
86%
joli
86%
les
86%
Les
86%
Mon
86%
mon
86%
On
86%
qui
86%
toujours
86%
va
86%
ça
82%
cette
82%
Cette
82%
endormie
82%
Mais
82%
mais
82%
82%
82%
sera
82%
sois
82%
Dans
77%
n'aime
77%
peur
77%
s'en
77%
son
77%
vont
77%
atomes
73%
faire
73%
fait
73%
il
73%
parents
73%
peux
73%
nous
68%
pardon
68%
passer
68%
un
68%
y
68%
comment
64%
fantômes
64%
l'aime
64%
l'année
64%
peut
64%
rien
64%
vaisseaux
64%
Pâle
59%
pâle
59%
parait
59%
Tous
59%
tous
59%
vois
59%
Ni
50%
ni
50%
voilà
50%
Voilà
50%
celle-là
45%
changera
45%
amers
41%
Enfers
41%
goûts
41%
cancers
36%
chemin
36%
croix
36%
J'espère
36%
qu'on
36%
mieux
32%
Aucun quiz correspondant
Distribution des résultats
% des personnes avec chaque résultat
Percentile par nombre de réponses
Votre historique - résultats
Vous n’avez pas pris ce quiz